Normal view
MARC view
- Deutsch, Georg.
Entry Personal Name
001 - CONTROL NUMBER
- control field: 1856
003 - CONTROL NUMBER IDENTIFIER
- control field: NUST
005 - DATE AND TIME OF LATEST TRANSACTION
- control field: 20170601155221.0
008 - FIXED-LENGTH DATA ELEMENTS
- fixed length control field: 170601|| aca||aabn | a|a d
040 ## - CATALOGING SOURCE
- Original cataloging agency: NUST
- Transcribing agency: NUST
100 ## - HEADING--PERSONAL NAME
- Personal name: Deutsch, Georg.
670 ## - SOURCE DATA FOUND
- Source citation: Work cat.: (NUST)0: Springer, Sally P., 1947- 1852, Left brain, right brain /, c1989.
